00481 2200181 4500001002100000005001500021035002000036008004100056245008200097100001900179250000600198260003500204300001200239084001400251082000800265650001400273990001200287INLIS00000000000016420240502114234 a0010-0424000140240502 0 ind 1 aMengupas Ibadah & Hikmahnya ( Thaharah, Shalat, Puasa ) /cDrs. Zaenuri Siroj aSiroj, Zaenuri a1 aTangerang :bPT. Albama,c2009 a104 hlm a200 ZAE m a200 4aNon Fiksi a0732491